|
|
|
|
| LEADER |
00000nab a2200000 ar4500 |
| 001 |
vtls008874087 |
| 003 |
SK-MaSNL |
| 005 |
20260303061651.0 |
| 008 |
061108c2006 xo |||||||| |000 b|hun |
| 015 |
|
|
|a SNBRB2006/11
|2 snkbucl
|
| 038 |
|
|
|a SNKBUCL
|
| 040 |
|
|
|a DSZK
|b slo
|c DSZK
|e AACR2
|
| 041 |
0 |
|
|a hun
|
| 044 |
|
|
|a xo
|c SK
|
| 080 |
|
|
|a 78.071.2
|x (439)
|2 1997
|
| 080 |
|
|
|a 784.66
|2 1997
|
| 080 |
|
|
|a 929 Oláh, Ibolya
|2 1997
|
| 245 |
0 |
0 |
|a Oláh Ibolya
|
| 300 |
|
|
|b Fotogr.
|
| 600 |
1 |
7 |
|a Oláh, Ibolya,
|d 1978-
|2 snkbucl
|9 1042710
|
| 773 |
0 |
|
|t Tábortűz
|g Évf. 56, sz. október (2006), o. 32
|x 1335-6593
|
| 852 |
|
|
|a SNK
|b KIS3GCP
|
| 852 |
|
|
|a DSZK
|b KIS3GCP
|
| 958 |
|
|
|a HU
|
| 958 |
|
|
|a BC
|
| 999 |
|
|
|c 1736331
|d 1738261
|